Estadísticas para Prueba de las Bahamas

Haz click aquí para intentar la prueba.

Estadísticas generales

  • Esta prueba ha sido intentada 428 veces
  • La puntuación promedio es 12 de 18

Estadísticas de respuestas

PistaRespuesta% Correcto
Países más cercanosCuba
94%
Países más cercanosEstados Unidos
93%
Las Bahamas fue el primer país del Nuevo Mundo en ser visitado por este explorador en 1492Cristobal Colón
92%
A pesar de la idea errónea popular, las Bahamas NO se encuentran en este marMar Caribe
92%
País del que las Bahamas se independizaron en 1973Reino Unido
92%
MonedaDólar
91%
CapitalNasáu
86%
Países más cercanosHaití
85%
La industria que representa el 50% del PIBTurismo
82%
Al número entero más cercano, el porcentaje de la población nativa que
murió o fue transportada dentro de los 30 años del contacto europeo
100%
75%
El deporte más popularCricket
65%
El territorio británico que se encuentra a sólo 46 km de las Bahamas{Turcas} y Caicos
64%
Capitán pirata de la "Venganza de la Reina Ana" que estaba basado en las BahamasBarbanegra
52%
Ex rey que sirvió como Gobernador de las Bahamas de 1940 a 1945Duque de Windsor
(anteriormente Eduardo VIII)
34%
Un animal con el que los turistas pueden nadar en el Gran Cayo MayorCerdo
32%
La isla en la que se encuentra la capitalNueva Providencia
27%
La isla más grandeIsla Andros
25%
El pájaro representado en el escudo de armasFlamenco
24%

Distribución de puntuación

Porcentaje por número respondido

Porcentaje de gente con cada puntuación

Historial de tus puntuaciones

No has intentado esta prueba.